<?xml version="1.0" encoding="UTF-8"?>
<record
    xmlns:xsi="http://www.w3.org/2001/XMLSchema-instance"
    xsi:schemaLocation="http://www.loc.gov/MARC21/slim http://www.loc.gov/standards/marcxml/schema/MARC21slim.xsd"
    xmlns="http://www.loc.gov/MARC21/slim">

  <leader>03261cam a22003735a 4500</leader>
  <controlfield tag="001">18508295</controlfield>
  <controlfield tag="005">20160816123828.0</controlfield>
  <controlfield tag="008">150225s2015    iaua   frb    001 0 eng d</controlfield>
  <datafield tag="010" ind1=" " ind2=" ">
    <subfield code="a">  2015007790</subfield>
  </datafield>
  <datafield tag="020" ind1=" " ind2=" ">
    <subfield code="a">9781118655795 (pbk.)</subfield>
  </datafield>
  <datafield tag="020" ind1=" " ind2=" ">
    <subfield code="a">1118655796 (pbk.)</subfield>
  </datafield>
  <datafield tag="035" ind1=" " ind2=" ">
    <subfield code="a">(DNLM)101652569</subfield>
  </datafield>
  <datafield tag="040" ind1=" " ind2=" ">
    <subfield code="a">DNLM/DLC</subfield>
    <subfield code="b">eng</subfield>
    <subfield code="c">DLC</subfield>
    <subfield code="d">EG-ScBUE</subfield>
  </datafield>
  <datafield tag="042" ind1=" " ind2=" ">
    <subfield code="a">pcc</subfield>
  </datafield>
  <datafield tag="082" ind1="0" ind2="4">
    <subfield code="2">22</subfield>
    <subfield code="a">617.607572</subfield>
    <subfield code="b">CLI</subfield>
  </datafield>
  <datafield tag="245" ind1="0" ind2="0">
    <subfield code="a">Clinical applications of digital dental technology /</subfield>
    <subfield code="c">edited by Radi Masri, Carl F. Driscoll.</subfield>
  </datafield>
  <datafield tag="260" ind1=" " ind2=" ">
    <subfield code="a">Ames, Iowa :</subfield>
    <subfield code="b">Wiley Blackwell,</subfield>
    <subfield code="c">2015.</subfield>
  </datafield>
  <datafield tag="300" ind1=" " ind2=" ">
    <subfield code="a">xii, 258 p. ;</subfield>
    <subfield code="b">col. ill. ;</subfield>
    <subfield code="c">24 cm.</subfield>
  </datafield>
  <datafield tag="500" ind1=" " ind2=" ">
    <subfield code="a">Index : p. 241-258.</subfield>
  </datafield>
  <datafield tag="504" ind1=" " ind2=" ">
    <subfield code="a">Includes bibliographical references.</subfield>
  </datafield>
  <datafield tag="505" ind1="0" ind2=" ">
    <subfield code="a">Digital imaging / Jeffery B. Price and Marcel E. Noujeim -- Digital impressions / Gary D. Hack, Ira T. Bloom, and Sebastian Patzelt -- Direct digital manufacturing / Jerry Grant -- Digital application in operative dentistry / Dennis J. Fasbinder and Gisele F. Neiva -- Digital fixed prosthodontics / Julie Holloway -- CAD/CAM removable prosthodontics / Nadim Z. Baba, Charles J. Goodacre, and Mathew T. Kattadiyil -- Digital implant surgery / Hans-Peter Weber, Jacinto Cano, and Francesca Bonino -- Digital design and manufacture of implant abutments / Radi Masri, Joanna Kempler, and Carl Driscoll -- Digital applications in endodontics / Ashraf F. Fouad -- From traditional to contemporary : imaging techniques for orthodontic diagnosis, treatment planning, and outcome assessment / Georgios Kanavakis and Carroll Ann Trotman -- Clinical applications of digital dental technology in oral and maxillofacial surgery / Jason Jamali, Antonia Kolokythas, and Michael Miloro -- The virtual patient / Alexandra Patzelt and Sebastian Patzelt.</subfield>
  </datafield>
  <datafield tag="520" ind1=" " ind2=" ">
    <subfield code="a">Digital equipment in all dental practices is commonplace. From digital imaging through electronic recordkeeping, general dentists and specialists are seeing more accurate diagnoses, faster treatment times, and lower costs for equipment.Here in one volume is a comprehensive look at the digital technology available, describing indications, contraindications, advantages, disadvantages, limitations, and applications in the various dental fields. Included are digital imaging, digital impressions, digital operative dentistry, digital prosthodontics, digital implant fabrication and placement, and digital applications in endodontics, orthodontics, and oral surgery. The book is ideal for dental students seeking a reference for digital dental technology and for seasoned practitioners and specialists interested in incorporating digital technology in their daily practice.  </subfield>
  </datafield>
  <datafield tag="650" ind1=" " ind2="7">
    <subfield code="a">Radiography, Dental, Digital</subfield>
    <subfield code="x">methods.</subfield>
    <subfield code="2">BUEsh</subfield>
    <subfield code="9">40768</subfield>
  </datafield>
  <datafield tag="650" ind1=" " ind2="7">
    <subfield code="a">Teeth</subfield>
    <subfield code="x">Radiography.</subfield>
    <subfield code="9">40764</subfield>
    <subfield code="2">BUEsh</subfield>
  </datafield>
  <datafield tag="650" ind1=" " ind2="7">
    <subfield code="a">Computer-aided design.</subfield>
    <subfield code="2">BUEsh</subfield>
    <subfield code="9">3588</subfield>
  </datafield>
  <datafield tag="650" ind1="2" ind2="2">
    <subfield code="a">Radiation Dosage.</subfield>
    <subfield code="2">BUEsh</subfield>
  </datafield>
  <datafield tag="650" ind1=" " ind2="7">
    <subfield code="a">Technology, Dental.</subfield>
    <subfield code="2">BUEsh</subfield>
    <subfield code="9">40765</subfield>
  </datafield>
  <datafield tag="651" ind1=" " ind2=" ">
    <subfield code="2">BUEsh</subfield>
  </datafield>
  <datafield tag="653" ind1=" " ind2=" ">
    <subfield code="b">DDent</subfield>
    <subfield code="c">August 2016	</subfield>
  </datafield>
  <datafield tag="700" ind1="1" ind2=" ">
    <subfield code="a">Masri, Radi,</subfield>
    <subfield code="d">1975- ,</subfield>
    <subfield code="e">editor.</subfield>
  </datafield>
  <datafield tag="700" ind1="1" ind2=" ">
    <subfield code="a">Driscoll, Carl F.,</subfield>
    <subfield code="e">editor.</subfield>
    <subfield code="9">40763</subfield>
  </datafield>
  <datafield tag="776" ind1="0" ind2="8">
    <subfield code="i">Online version:</subfield>
    <subfield code="t">Clinical applications of digital dental technology</subfield>
    <subfield code="d">Ames, Iowa : John Wiley and Sons Inc., [2015]</subfield>
    <subfield code="z">9781118983027</subfield>
    <subfield code="w">(DLC) 2015008513</subfield>
  </datafield>
  <datafield tag="942" ind1=" " ind2=" ">
    <subfield code="2">ddc</subfield>
    <subfield code="e">22</subfield>
    <subfield code="k">617.607572 CLI</subfield>
  </datafield>
  <datafield tag="999" ind1=" " ind2=" ">
    <subfield code="c">22181</subfield>
    <subfield code="d">22153</subfield>
  </datafield>
  <datafield tag="952" ind1=" " ind2=" ">
    <subfield code="0">0</subfield>
    <subfield code="1">0</subfield>
    <subfield code="2">ddc</subfield>
    <subfield code="4">0</subfield>
    <subfield code="7">0</subfield>
    <subfield code="8">Academic</subfield>
    <subfield code="a">MAIN</subfield>
    <subfield code="b">MAIN</subfield>
    <subfield code="c">1ST</subfield>
    <subfield code="d">2016-08-16</subfield>
    <subfield code="e">Purchase</subfield>
    <subfield code="g">840.00</subfield>
    <subfield code="h">9126</subfield>
    <subfield code="l">4</subfield>
    <subfield code="m">48</subfield>
    <subfield code="o">617.607572 CLI</subfield>
    <subfield code="p">000033198</subfield>
    <subfield code="r">2025-07-15 00:00:00</subfield>
    <subfield code="s">2022-12-07</subfield>
    <subfield code="v">1050.00</subfield>
    <subfield code="y">BB</subfield>
  </datafield>
</record>
